[Event "Mercredi 2009.09.02 A-D"]
[Site "Montreal CAN"]
[Date "2009.09.16"]
[Round "3"]
[White "Pregent, Daniel"]
[Black "Chiku-Ratte, Olivier-Kenta"]
[Result "0-1"]
[WhiteElo "1839"]
[BlackElo "1723"]
[PlyCount "76"]
[EventDate "2009.09.02"]
[EventType "tourn"]
[EventRounds "5"]
[EventCountry "CAN"]

1. d4 Nf6 2. Nf3 g6 3. c4 Bg7 4. Nc3 d6 5. h3 O-O 6. e4 Na6 7. Bg5 h6 8. Be3 e5
9. d5 Nh5 10. Be2 Nf4 11. Rg1 f5 12. Qc2 Nb4 13. Qb1 Nxe2 14. Kxe2 fxe4 15.
Nxe4 Qe7 16. g4 Qf7 17. Rg3 a5 18. Nh4 g5 19. Rf3 Qe8 20. Bxg5 hxg5 21. Nxg5 e4
22. Rxf8+ Kxf8 23. Qxe4 Qxe4+ 24. Nxe4 Bxb2 25. Rb1 Bg7 26. f4 Nxa2 27. f5 Nc3+
28. Nxc3 Bxc3 29. g5 a4 30. Kd3 Be5 31. Ng6+ Kg7 32. Ke4 Bc3 33. Ne7 a3 34. Rf1
Bxf5+ 35. Nxf5+ Kg6 36. h4 a2 37. Ne7+ Kh5 38. Rf5 a1=Q 0-1

[Event "Mercredi 2009.09.02 A-D"]
[Site "Montreal CAN"]
[Date "2009.09.30"]
[Round "5"]
[White "Dumont, Felix"]
[Black "Chiku-Ratte, Olivier-Kenta"]
[Result "1-0"]
[WhiteElo "1806"]
[BlackElo "1723"]
[PlyCount "47"]
[EventDate "2009.09.02"]
[EventType "tourn"]
[EventRounds "5"]
[EventCountry "CAN"]

1. e4 c5 2. c4 Nc6 3. Nf3 g6 4. d4 cxd4 5. Nxd4 Bg7 6. Be3 Nf6 7. Nc3 d6 8. Be2
O-O 9. O-O Bd7 10. Qd2 Re8 11. Rac1 Qa5 12. f3 Rac8 13. g4 Ne5 14. b3 h5 15. h3
hxg4 16. hxg4 a6 17. Kg2 e6 18. Rh1 d5 19. Bh6 Bh8 20. Bg5 Bg7 21. Nxd5 Qxd2
22. Nxf6+ Bxf6 23. Bxf6 g5 24. Rh8# 1-0

[Event "CYCC U10"]
[Site "Victoria CAN"]
[Date "2009.07.21"]
[Round "1"]
[White "Chiku-Ratte, Olivier-Kenta"]
[Black "Huang, James"]
[Result "1-0"]
[WhiteElo "1284"]
[BlackElo "758"]
[PlyCount "97"]
[EventDate "2009.07.21"]
[EventType "swiss"]
[EventRounds "7"]
[EventCountry "CAN"]

1. d4 d5 2. c4 Nf6 3. cxd5 Qxd5 4. Nc3 Qd8 5. e4 e6 6. Bg5 Be7 7. Nf3 O-O 8.
Be2 Nc6 9. O-O Bd7 10. a3 h6 11. Bh4 Nxe4 12. Bxe7 Nxc3 13. Bxd8 Nxd1 14. Bxc7
Nxb2 15. Rab1 Rac8 16. Bd6 Na4 17. Bxf8 Rxf8 18. Rxb7 Bc8 19. Rc7 Nxd4 20. Nxd4
e5 21. Nc6 e4 22. Ne7+ Kh8 23. Rxc8 Rxc8 24. Nxc8 a5 25. Rc1 Nb2 26. Rc2 Na4
27. Bb5 e3 28. Bxa4 f6 29. fxe3 Kh7 30. Rc5 Kh8 31. Rxa5 Kh7 32. Bc2+ Kh8 33.
Ne7 g5 34. Bg6 Kg7 35. Ra8 f5 36. Bxf5 Kf6 37. Ra7 Ke5 38. a4 Kd6 39. a5 Kc5
40. Ra8 Kd6 41. a6 Kxe7 42. Re8+ Kxe8 43. Bd7+ Kxd7 44. a7 Ke6 45. a8=Q Kf5 46.
Qd5+ Kg4 47. Qf3+ Kh4 48. g3+ Kh3 49. Qh5# 1-0

[Event "CYCC U10"]
[Site "Victoria CAN"]
[Date "2009.07.21"]
[Round "2"]
[White "Graif, William"]
[Black "Chiku-Ratte, Olivier-Kenta"]
[Result "1-0"]
[WhiteElo "1635"]
[BlackElo "1284"]
[PlyCount "89"]
[EventDate "2009.07.21"]
[EventType "swiss"]
[EventRounds "7"]
[EventCountry "CAN"]

1. e4 c5 2. Nf3 d6 3. d4 cxd4 4. Nxd4 Nf6 5. Nc3 g6 6. Be3 Bg7 7. f3 Nc6 8. Qd2
O-O 9. O-O-O d5 10. exd5 Nxd5 11. Nxc6 bxc6 12. Bd4 Be6 13. Bxg7 Kxg7 14. Bc4
Nc7 15. Bxe6 Nxe6 16. Qe3 Qc7 17. h4 Rad8 18. h5 Qf4 19. Qxf4 Nxf4 20. hxg6
hxg6 21. g3 Nd5 22. Ne4 Rh8 23. Ng5 Ne3 24. Rde1 Nf5 25. Rxh8 Rxh8 26. g4 Nd6
27. Rxe7 Kf6 28. Rd7 Rh1+ 29. Kd2 Nc4+ 30. Kc3 Ne5 31. Ne4+ Kg7 32. Rxa7 Nxf3
33. Nd6 Ng5 34. Rc7 Rg1 35. Rxc6 Rxg4 36. b4 f5 37. b5 f4 38. b6 f3 39. b7 f2
40. Rc7+ Kh6 41. b8=Q f1=Q 42. Qh8+ Nh7 43. Rxh7+ Kg5 44. Qe5+ Qf5 45. Nf7# 1-0

[Event "CYCC U10"]
[Site "Victoria CAN"]
[Date "2009.07.22"]
[Round "3"]
[White "Chiku-Ratte, Olivier-Kenta"]
[Black "Cao, Jason"]
[Result "1-0"]
[WhiteElo "1284"]
[BlackElo "1032"]
[PlyCount "95"]
[EventDate "2009.07.21"]
[EventType "swiss"]
[EventRounds "7"]
[EventCountry "CAN"]

1. d4 Nf6 2. c4 g6 3. Nc3 d5 4. cxd5 Nxd5 5. e4 Nxc3 6. bxc3 Bg7 7. Nf3 c5 8.
Rb1 O-O 9. Be2 cxd4 10. cxd4 Nc6 11. d5 Ne5 12. Nxe5 Bxe5 13. f4 Bg7 14. O-O b6
15. Bb2 Bxb2 16. Rxb2 Bb7 17. Qd4 Rc8 18. Rd1 Qc7 19. e5 Qc5 20. d6 exd6 21.
exd6 Rfd8 22. Qxc5 Rxc5 23. Rbd2 Kf8 24. a4 Ra5 25. Rd4 Bc6 26. Bf3 Bd7 27. Rc1
Rxa4 28. Rdd1 Rxf4 29. Rc7 Ra4 30. Rxd7 Rxd7 31. Bc6 Rd8 32. Bxa4 Kg7 33. d7 a6
34. Bc6 f5 35. Re1 b5 36. Re8 Rxd7 37. Bxd7 b4 38. Ra8 b3 39. Rxa6 b2 40. Rb6
b1=Q+ 41. Rxb1 Kf6 42. Re1 Kg5 43. Kf2 f4 44. Kf3 h5 45. Re5+ Kh4 46. Kxf4 g5+
47. Kf3 g4+ 48. Kf4 1-0

[Event "CYCC U10"]
[Site "Victoria CAN"]
[Date "2009.07.22"]
[Round "4"]
[White "Han, Lionel"]
[Black "Chiku-Ratte, Olivier-Kenta"]
[Result "0-1"]
[WhiteElo "1124"]
[BlackElo "1284"]
[PlyCount "54"]
[EventDate "2009.07.21"]
[EventType "swiss"]
[EventRounds "7"]
[EventCountry "CAN"]

1. e4 c5 2. Nf3 d6 3. d4 cxd4 4. Nxd4 Nf6 5. Nc3 g6 6. f3 Bg7 7. Be3 Nc6 8. Qd2
O-O 9. Nb3 Be6 10. Nc1 Ne5 11. Bh6 Rc8 12. Bxg7 Kxg7 13. Be2 Qb6 14. Rb1 a6 15.
Na4 Qa7 16. b3 b5 17. Nb2 Qc5 18. Bd1 d5 19. Ncd3 Qd4 20. Nxe5 Qxe5 21. O-O
dxe4 22. fxe4 Nxe4 23. Qa5 Qd4+ 24. Kh1 Nf2+ 25. Rxf2 Qxf2 26. Bf3 Qxc2 27. Qe1
Bf5 0-1

[Event "CYCC U10"]
[Site "Victoria CAN"]
[Date "2009.07.23"]
[Round "5"]
[White "Chiku-Ratte, Olivier-Kenta"]
[Black "Shi, Diwen"]
[Result "1-0"]
[WhiteElo "1284"]
[BlackElo "1626"]
[PlyCount "111"]
[EventDate "2009.07.21"]
[EventType "swiss"]
[EventRounds "7"]
[EventCountry "CAN"]

1. d4 d5 2. c4 e6 3. Nc3 Nf6 4. cxd5 exd5 5. Bg5 Be7 6. e3 Nc6 7. a3 a6 8. Bd3
Be6 9. Qc2 h6 10. Bh4 Ng4 11. Bxe7 Nxe7 12. h3 Nf6 13. Nf3 O-O 14. O-O Qd6 15.
b4 b5 16. Rac1 Rfc8 17. Nb1 c6 18. Nbd2 a5 19. Qc5 Qxc5 20. Rxc5 axb4 21. axb4
Ra4 22. Rb1 Nd7 23. Rc3 Nb6 24. Bc2 Ra7 25. Kf1 Nc4 26. Nxc4 bxc4 27. e4 Rb8
28. exd5 cxd5 29. Re3 Rab7 30. Nh2 Rxb4 31. Rbe1 Nf5 32. Bxf5 Bxf5 33. f3 Rb1
34. Ng4 Rxe1+ 35. Rxe1 Rb1 36. Rxb1 Bxb1 37. Ne3 c3 38. Ke2 Ba2 39. Kd3 Kf8 40.
Kxc3 Ke7 41. Kb4 Ke6 42. Kc5 f5 43. f4 g5 44. g3 gxf4 45. gxf4 Bb3 46. Nf1 Bc2
47. Ne3 Be4 48. Kc6 Bd3 49. Nd1 Bf1 50. h4 Be2 51. Nc3 Bf1 52. Nb5 Bxb5+ 53.
Kxb5 Kd6 54. Kb6 Kd7 55. Kc5 Ke6 56. Kc6 1-0

[Event "CYCC U10"]
[Site "Victoria CAN"]
[Date "2009.07.23"]
[Round "6"]
[White "Song, Michael"]
[Black "Chiku-Ratte, Olivier-Kenta"]
[Result "0-1"]
[WhiteElo "1614"]
[BlackElo "1284"]
[PlyCount "116"]
[EventDate "2009.07.21"]
[EventType "swiss"]
[EventRounds "7"]
[EventCountry "CAN"]

1. e4 c5 2. Nf3 d6 3. d4 cxd4 4. Nxd4 Nf6 5. Nc3 g6 6. Be3 Bg7 7. f3 Nc6 8. Qd2
O-O 9. O-O-O d5 10. exd5 Nxd5 11. Nxc6 bxc6 12. Nxd5 cxd5 13. Qxd5 Qc7 14. Qxa8
Bf5 15. Qxf8+ Kxf8 16. Rd2 Be6 17. Bb5 f5 18. Rhd1 Bxb2+ 19. Kb1 Qc3 20. Rd8+
Kf7 21. Be8+ Kg8 22. Bxg6+ Kg7 23. Bd4+ Kxg6 24. Bxc3 Bxc3 25. R1d3 Bf6 26. Ra8
Bc4 27. Rd7 a6 28. Rc7 Bf1 29. c4 Bxg2 30. Rxa6 Bxf3 31. Rxe7 Be4+ 32. Kc1 Kg5
33. Rxh7 f4 34. Kd2 Bxh7 35. c5 Be5 36. Ke2 Be4 37. Ra3 Bd4 38. Rb3 Bd5 39. Ra3
Bxc5 40. Rc3 Bb4 41. Rc7 f3+ 42. Kf2 Kf4 43. a3 Bd2 44. Rc8 Be3+ 45. Kf1 Kg5
46. a4 Be6 47. Rf8 Bf5 48. Rg8+ Kf6 49. Rf8+ Kg6 50. h4 Bc5 51. h5+ Kg5 52.
Rg8+ Kf6 53. h6 Bd3+ 54. Ke1 f2+ 55. Kd2 f1=Q 56. Rg2 Bb4+ 57. Ke3 Qxg2 58.
Kxd3 Qg3+ 0-1

[Event "CYCC U10"]
[Site "Victoria CAN"]
[Date "2009.07.24"]
[Round "7"]
[White "Kong, Dezheng"]
[Black "Chiku-Ratte, Olivier-Kenta"]
[Result "1-0"]
[WhiteElo "1957"]
[BlackElo "1284"]
[PlyCount "150"]
[EventDate "2009.07.21"]
[EventType "swiss"]
[EventRounds "7"]
[EventCountry "CAN"]

1. c4 Nf6 2. Nc3 g6 3. Nf3 Bg7 4. g3 O-O 5. Bg2 d6 6. O-O Nbd7 7. d4 c6 8. e4
Qc7 9. h3 e5 10. Be3 Re8 11. Re1 exd4 12. Bxd4 Nc5 13. e5 Nfd7 14. exd6 Rxe1+
15. Qxe1 Qxd6 16. Rd1 Qe6 17. Qf1 Qe7 18. Re1 Ne6 19. Bxg7 Kxg7 20. Nd4 Ndf8
21. Qd3 Bd7 22. Qe4 Re8 23. Qe5+ f6 24. Qe4 Qd6 25. Rd1 Nxd4 26. Qxd4 Re1+ 27.
Kh2 Rxd1 28. Qxd1 Qxd1 29. Nxd1 Be6 30. b3 Nd7 31. Nc3 f5 32. Bf1 Kf6 33. f4
Nc5 34. Kg2 a6 35. Kf2 b5 36. b4 Nb7 37. cxb5 cxb5 38. a4 bxa4 39. Bxa6 Nd6 40.
Nxa4 Ke7 41. Nc5 Bc4 42. Bxc4 Nxc4 43. Ke2 Kd6 44. Kd3 Kd5 45. Na4 Nd6 46. Nc3+
Ke6 47. Kd4 Nb7 48. Kc4 Kd6 49. Kb5 Nd8 50. Ka6 h6 51. h4 h5 52. b5 Ne6 53. Na4
Nd8 54. Nb6 Ne6 55. Nc4+ Kc5 56. Na3 Nc7+ 57. Ka5 Nd5 58. Nc2 Nb6 59. Ne1 Nc4+
60. Ka6 Kd4 61. Nf3+ Ke3 62. Ne5 Nd6 63. b6 Kf2 64. b7 Nxb7 65. Kxb7 Kxg3 66.
Nxg6 Kf3 67. Kc6 Ke4 68. Kd6 Kd4 69. Ke6 Ke4 70. Kf6 Kd4 71. Kxf5 Kd5 72. Kg5
Ke6 73. f5+ Kf7 74. f6 Kg8 75. Kxh5 Kf7 1-0

[Event "Jeudi"]
[Site "Montreal CAN"]
[Date "2009.05.14"]
[Round "3"]
[White "Morin, Louis"]
[Black "Chiku-Ratte, Olivier-Kenta"]
[Result "0-1"]
[WhiteElo "1622"]
[BlackElo "1897"]
[PlyCount "71"]
[EventDate "2009.05.14"]
[EventType "tourn (rapid)"]
[EventRounds "3"]
[EventCountry "CAN"]

1. e4 c5 2. d4 cxd4 3. c3 d3 4. Bxd3 Nc6 5. Nf3 d6 6. O-O g6 7. Be3 Bg7 8. Qd2
Nf6 9. h3 O-O 10. Bh6 Bd7 11. Na3 Rc8 12. Rad1 a6 13. Bxg7 Kxg7 14. Rfe1 Qc7
15. Bf1 Rfd8 16. Nc2 b5 17. Ncd4 Ne5 18. Nxe5 dxe5 19. Nf3 Bxh3 20. Qg5 Bg4 21.
Rxd8 Rxd8 22. Qxe5 Qxe5 23. Nxe5 Be6 24. Nc6 Rd2 25. Nxe7 Rxb2 26. a4 bxa4 27.
Bxa6 a3 28. Bd3 a2 29. f3 Nd7 30. Nd5 Nc5 31. Bc4 Rb1 32. Bxa2 Rxe1+ 33. Kf2
Nd3+ 34. Kg3 Bxd5 35. Bxd5 Rc1 36. c4 0-1

[Event "Mercredi 2009.05.13"]
[Site "Montreal CAN"]
[Date "2009.05.13"]
[Round "1"]
[White "Chiku-Ratte, Olivier-Kenta"]
[Black "Crezegut, Anthony"]
[Result "1-0"]
[WhiteElo "1680"]
[BlackElo "1673"]
[PlyCount "87"]
[EventDate "2009.05.13"]
[EventType "tourn"]
[EventRounds "5"]
[EventCountry "CAN"]

1. d4 d5 2. c4 e6 3. Nc3 c6 4. e3 Nf6 5. Nf3 Nbd7 6. Qc2 Bd6 7. b3 b6 8. Be2
Bb7 9. Bb2 O-O 10. O-O Rc8 11. Rac1 dxc4 12. bxc4 c5 13. Rfd1 a6 14. d5 exd5
15. Nxd5 Bxd5 16. cxd5 b5 17. a4 c4 18. axb5 axb5 19. e4 Re8 20. Nd2 Qc7 21. g3
Nxd5 22. Nxc4 N5f6 23. Bxf6 Nxf6 24. Nxd6 Qxc2 25. Rxc2 Rxc2 26. Nxe8 Rxe2 27.
Nxf6+ gxf6 28. Rb1 Rxe4 29. Rxb5 Kg7 30. Kg2 Re5 31. Rxe5 fxe5 32. Kf3 f5 33.
h3 h5 34. Ke3 Kf6 35. f4 exf4+ 36. gxf4 Ke6 37. Kd4 Kd6 38. h4 Ke6 39. Kc5 Kf6
40. Kd5 Kf7 41. Ke5 Kg6 42. Ke6 Kg7 43. Kxf5 Kh6 44. Kf6 1-0

[Event "Mercredi 2009.05.13"]
[Site "Montreal CAN"]
[Date "2009.05.20"]
[Round "2"]
[White "Pozdnyakov, Alexander"]
[Black "Chiku-Ratte, Olivier-Kenta"]
[Result "0-1"]
[WhiteElo "1654"]
[BlackElo "1680"]
[PlyCount "136"]
[EventDate "2009.05.13"]
[EventType "tourn"]
[EventRounds "5"]
[EventCountry "CAN"]

1. f4 c5 2. Nf3 Nc6 3. e3 g6 4. d4 cxd4 5. exd4 d6 6. d5 Nb8 7. Be2 Bg7 8. c3
Nf6 9. O-O O-O 10. Na3 Nbd7 11. Nc2 Nb6 12. Ne3 Bd7 13. Kh1 Rc8 14. Rb1 Rc5 15.
c4 Ne4 16. Bd3 Ba4 17. Qe1 Nf6 18. b3 Bd7 19. f5 Re8 20. fxg6 hxg6 21. Qh4 e6
22. dxe6 Rxe6 23. Ng5 Ree5 24. Nh7 g5 25. Nxf6+ Bxf6 26. Qh7+ Kf8 27. Bb2 Be6
28. Bxe5 Rxe5 29. Nf5 Nd7 30. Nxd6 Nc5 31. Nf5 Nxd3 32. Qh6+ Ke8 33. Ng7+ Bxg7
34. Qxg7 Re2 35. Qg8+ Kd7 36. Qxd8+ Kxd8 37. Rbd1 Re3 38. Rf3 Rxf3 39. gxf3 Bf5
40. Kg2 Kc7 41. Kg3 Nf4 42. Re1 Be6 43. Re5 f6 44. Re4 Nh5+ 45. Kf2 Kd6 46. f4
f5 47. Re1 g4 48. Re2 g3+ 49. Kg1 Nxf4 50. Re1 Bf7 51. c5+ Kd7 52. Re5 Be6 53.
h4 Ng6 54. Re2 Nxh4 55. b4 Bd5 56. Re3 g2 57. a4 Ng6 58. b5 Nf4 59. a5 Ng6 60.
Rd3 Ke6 61. Rxd5 Kxd5 62. c6 b6 63. axb6 axb6 64. Kxg2 Kc5 65. c7 Ne7 66. Kf3
Kxb5 67. Kf4 Kc6 68. c8=Q+ Nxc8 0-1

[Event "Mercredi 2009.05.13"]
[Site "Montreal CAN"]
[Date "2009.05.27"]
[Round "3"]
[White "Chiku-Ratte, Olivier-Kenta"]
[Black "Cote, Philippe"]
[Result "1-0"]
[WhiteElo "1680"]
[BlackElo "1707"]
[PlyCount "110"]
[EventDate "2009.05.13"]
[EventType "tourn"]
[EventRounds "5"]
[EventCountry "CAN"]

1. d4 g6 2. c4 Bg7 3. e4 d6 4. Nc3 Nf6 5. f4 O-O 6. Nf3 Na6 7. Be2 e5 8. fxe5
dxe5 9. d5 Qe7 10. h3 Nc5 11. Bg5 h6 12. Bxf6 Qxf6 13. b4 Nd7 14. a3 Qe7 15.
O-O f5 16. c5 Nxc5 17. d6 Qxd6 18. Qxd6 cxd6 19. bxc5 dxc5 20. Rfd1 Be6 21. Rd6
Rfe8 22. Bb5 Re7 23. Rad1 Kh7 24. Bd7 Bb3 25. R1d2 fxe4 26. Nxe4 c4 27. Nh4 c3
28. Nxc3 e4 29. Nd5 Bxd5 30. R6xd5 e3 31. Re2 Rd8 32. Be6 Rde8 33. Bg4 Bf6 34.
g3 Rc7 35. Rd7+ Rxd7 36. Bxd7 Rd8 37. Bg4 Rd3 38. Ng2 Rxa3 39. Nxe3 Bd4 40. Kf2
b5 41. Kf3 b4 42. Ke4 Bxe3 43. Rxe3 b3 44. Re2 Ra2 45. Kd3 Rxe2 46. Bxe2 Kg7
47. Kc3 Kf6 48. Kxb3 Ke5 49. Bd3 g5 50. Kc3 Kd5 51. Bg6 Ke5 52. g4 Kf4 53. Kd4
Kg3 54. Ke5 Kxh3 55. Kf5 Kg3 1-0

[Event "Mercredi 2009.05.13"]
[Site "Montreal CAN"]
[Date "2009.06.03"]
[Round "4"]
[White "Baran, Marius"]
[Black "Chiku-Ratte, Olivier-Kenta"]
[Result "1-0"]
[WhiteElo "1691"]
[BlackElo "1680"]
[PlyCount "95"]
[EventDate "2009.05.13"]
[EventType "tourn"]
[EventRounds "5"]
[EventCountry "CAN"]

1. d4 Nf6 2. c4 g6 3. Nc3 Bg7 4. e4 d6 5. f3 O-O 6. Be3 c6 7. Qd2 Re8 8. O-O-O
Qc7 9. g4 e5 10. dxe5 dxe5 11. h4 h5 12. gxh5 Nxh5 13. Bh3 Bxh3 14. Nxh3 Na6
15. Bg5 f6 16. Be3 b6 17. Qg2 Qf7 18. Rhg1 Kh7 19. Rd6 Rad8 20. Rxc6 Nb4 21.
Rc7 Qxc7 22. Qxg6+ Kg8 23. Qxh5 Qf7 24. Qg4 Qd7 25. Qg2 Kf8 26. Nd5 Nxd5 27.
cxd5 Qf7 28. h5 Bh8 29. f4 Rc8+ 30. Kb1 Qd7 31. fxe5 Rxe5 32. Nf4 Ree8 33. Ng6+
Kg8 34. Ne7+ Kf7 35. Nf5 Qxf5 36. exf5 Rxe3 37. d6 Ke8 38. Qg8+ Kd7 39. Qf7+
Kxd6 40. Rd1+ Kc6 41. Rc1+ Kb5 42. Rxc8 Re1+ 43. Kc2 Re2+ 44. Kb3 Re3+ 45. Rc3
Re5 46. Qxa7 Re4 47. a4+ Rxa4 48. Qxa4# 1-0

[Event "Mercredi 2009.05.13"]
[Site "Montreal CAN"]
[Date "2009.06.10"]
[Round "5"]
[White "Chiku-Ratte, Olivier-Kenta"]
[Black "Dumont, Felix"]
[Result "0-1"]
[WhiteElo "1680"]
[BlackElo "1653"]
[PlyCount "130"]
[EventDate "2009.05.13"]
[EventType "tourn"]
[EventRounds "5"]
[EventCountry "CAN"]

1. d4 Nf6 2. c4 g6 3. Nc3 Bg7 4. e4 d6 5. f4 O-O 6. Nf3 Na6 7. Be2 e5 8. fxe5
dxe5 9. d5 Nc5 10. Bg5 h6 11. Bxf6 Qxf6 12. b4 Nd7 13. a3 a5 14. c5 axb4 15.
axb4 Rxa1 16. Qxa1 Qe7 17. O-O f5 18. Bc4 Kh7 19. Kh1 b6 20. d6 cxd6 21. Nd5
Qd8 22. exf5 e4 23. fxg6+ Kh8 24. Nd4 Rxf1+ 25. Bxf1 Qf8 26. Kg1 bxc5 27. bxc5
dxc5 28. Ne6 Bxa1 29. Nxf8 Bd4+ 30. Kh1 Nxf8 31. Ne7 Be6 32. g7+ Kxg7 33. Nc6
Nd7 34. Bb5 Ne5 35. Nd8 Bc4 36. Ba4 e3 37. Bd1 e2 38. Bxe2 Bxe2 39. Ne6+ Kf6
40. Nf4 Bd3 41. h3 c4 42. Nd5+ Ke6 43. Nb4 c3 44. g4 c2 45. Nxc2 Bxc2 46. Kg2
Kf6 47. Kg3 Ng6 48. h4 Be5+ 49. Kh3 Bd1 50. g5+ hxg5 51. hxg5+ Kxg5 52. Kg2 Kf4
53. Kf2 Bf3 54. Ke1 Bd4 55. Kd2 Be4 56. Ke2 Be3 57. Kd1 Bd3 58. Ke1 Kf3 59. Kd1
Nh8 60. Ke1 Bc2 61. Kf1 Bd2 62. Kg1 Kg3 63. Kf1 Bd3+ 64. Kg1 Be3+ 65. Kh1 Be4#
0-1

[Event "Ahuntsic"]
[Site "Montreal CAN"]
[Date "2009.11.14"]
[Round "2"]
[White "Robichaud, Louis"]
[Black "Chiku-Ratte, Olivier-Kenta"]
[Result "1-0"]
[WhiteElo "1840"]
[BlackElo "1734"]
[PlyCount "69"]
[EventDate "2009.04.18"]
[EventType "swiss (rapid)"]
[EventRounds "5"]
[EventCountry "CAN"]

1. e4 c5 2. Nc3 Nc6 3. g3 g6 4. Bg2 Bg7 5. d3 d6 6. f4 e6 7. Nf3 Nge7 8. O-O
O-O 9. Be3 Nd4 10. e5 Nef5 11. Bf2 dxe5 12. Nxe5 h5 13. Ne4 Qc7 14. c3 Nb5 15.
Bxc5 Rd8 16. Nc4 Qd7 17. Qb3 Nc7 18. Ne5 Bxe5 19. fxe5 Qb5 20. Qc2 Bd7 21. a4
Qa6 22. Bf2 Nd5 23. Qe2 Qa5 24. b4 Qc7 25. h3 Qxe5 26. d4 Qc7 27. c4 Nxb4 28.
g4 hxg4 29. hxg4 Nd6 30. Bg3 Qxc4 31. Nf6+ Kg7 32. Qe5 Nc6 33. Ne8+ Kf8 34.
Qh8+ Ke7 35. Bxd6# 1-0

[Event "Mercredi 2009.04.01"]
[Site "Montreal CAN"]
[Date "2009.04.01"]
[Round "1"]
[White "Brodie, Hugh"]
[Black "Chiku-Ratte, Olivier-Kenta"]
[Result "1/2-1/2"]
[WhiteElo "1846"]
[BlackElo "1694"]
[PlyCount "99"]
[EventDate "2009.04.01"]
[EventType "tourn"]
[EventRounds "5"]
[EventCountry "CAN"]

1. e4 c5 2. Nf3 d6 3. c3 Nf6 4. Bd3 g6 5. O-O Bg7 6. Bc2 Nc6 7. h3 O-O 8. d4
cxd4 9. cxd4 Bd7 10. Nc3 Rc8 11. Bg5 a6 12. Qd2 Re8 13. Rac1 h5 14. Rfd1 Nh7
15. Bh6 b5 16. a3 Na5 17. Bxg7 Kxg7 18. Qe2 Nc4 19. Bb1 e6 20. Ba2 Qe7 21. Bxc4
Rxc4 22. Qe3 Rec8 23. Nd2 R4c7 24. Ne2 Qg5 25. f4 Qe7 26. Rxc7 Rxc7 27. e5 d5
28. b4 Bc8 29. Nb3 Nf8 30. Nc5 Nd7 31. g4 hxg4 32. hxg4 Nxc5 33. bxc5 Bb7 34.
Qg3 Rc8 35. Kg2 Rh8 36. Rh1 Rxh1 37. Kxh1 Qf8 38. Kg2 Qh8 39. Qe1 Qd8 40. Ng3
Bc8 41. Qf2 a5 42. f5 Bd7 43. f6+ Kh7 44. Kf3 Qh8 45. Qd2 Qd8 46. Qh2+ Kg8 47.
Qh6 Qf8 48. Qd2 Qd8 49. Qh6 Qf8 50. Qd2 1/2-1/2

[Event "Mercredi 2009.04.01"]
[Site "Montreal CAN"]
[Date "2009.04.22"]
[Round "4"]
[White "Baran, Marius"]
[Black "Chiku-Ratte, Olivier-Kenta"]
[Result "1-0"]
[WhiteElo "1687"]
[BlackElo "1694"]
[PlyCount "117"]
[EventDate "2009.04.01"]
[EventType "tourn"]
[EventRounds "5"]
[EventCountry "CAN"]

1. d4 Nf6 2. c4 g6 3. Nc3 Bg7 4. e4 d6 5. Nf3 O-O 6. h3 e5 7. d5 Nbd7 8. Bd3 a5
9. Bg5 Nc5 10. O-O Bd7 11. Qd2 b6 12. Bc2 Qc8 13. Kh2 Nh5 14. Bh6 Kh8 15. Qg5
Nf4 16. Bxg7+ Kxg7 17. Nxe5 f6 18. Qxf4 fxe5 19. Qg3 Rf4 20. f3 Qd8 21. Ne2 Rf6
22. f4 Qf8 23. f5 Kh8 24. Rf3 gxf5 25. exf5 Qh6 26. Qf2 Raf8 27. Ng3 b5 28. b3
b4 29. a3 Re8 30. Ne4 Nxe4 31. Bxe4 Ref8 32. axb4 axb4 33. Ra7 Rc8 34. Qe1 Qg5
35. g4 Rh6 36. Kg2 Rf6 37. Qe3 h6 38. Qxg5 hxg5 39. Rb7 Kg7 40. Rxb4 Kf8 41.
Rb7 Ke7 42. b4 Rff8 43. c5 Rb8 44. Rxb8 Rxb8 45. cxd6+ cxd6 46. Rb3 Bb5 47. Kg3
Bc4 48. Rb2 Rh8 49. b5 Rb8 50. b6 Kf6 51. h4 gxh4+ 52. Kxh4 Rh8+ 53. Kg3 Kg5
54. b7 Rb8 55. Rb6 Be2 56. Rxd6 Bxg4 57. Rg6+ Kh5 58. Rxg4 Rxb7 59. Bf3 {...}
1-0

[Event "Mercredi 2009.04.01"]
[Site "Montreal CAN"]
[Date "2009.04.29"]
[Round "5"]
[White "Chiku-Ratte, Olivier-Kenta"]
[Black "Pomerantz, Daniel"]
[Result "0-1"]
[WhiteElo "1694"]
[BlackElo "1852"]
[PlyCount "78"]
[EventDate "2009.04.01"]
[EventType "tourn"]
[EventRounds "5"]
[EventCountry "CAN"]

1. d4 Nf6 2. c4 e6 3. Nc3 Bb4 4. e3 O-O 5. Nge2 b6 6. a3 Be7 7. e4 Bb7 8. f3 d6
9. Ng3 Nbd7 10. Bd3 c5 11. d5 exd5 12. cxd5 Re8 13. f4 c4 14. Bxc4 Qc7 15. Bd3
Nc5 16. O-O Nxd3 17. Qxd3 Ng4 18. b4 Ba6 19. b5 Bb7 20. Qf3 Qc5+ 21. Kh1 Rac8
22. Bb2 Ne3 23. Na4 Qxb5 24. Qxe3 Qxa4 25. Nf5 Bf8 26. Nh6+ Kh8 27. Nxf7+ Kg8
28. Ng5 Bxd5 29. Rae1 h6 30. Nf3 Bxe4 31. Re2 Bd5 32. Qf2 Rxe2 33. Qxe2 Rc2 34.
Qd1 Bxf3 35. gxf3 Qc4 36. Ba1 Qa2 37. Bb2 Rxb2 38. Qa1 Rxh2+ 39. Kg1 Qg2# 0-1

[Event "Unisource IV"]
[Site "Montreal CAN"]
[Date "2009.02.27"]
[Round "1"]
[White "Luo, Zhao Yang"]
[Black "Chiku-Ratte, Olivier-Kenta"]
[Result "1/2-1/2"]
[WhiteElo "1650"]
[BlackElo "1583"]
[PlyCount "120"]
[EventDate "2009.02.27"]
[EventType "tourn"]
[EventRounds "5"]
[EventCountry "CAN"]

1. d4 Nf6 2. c4 g6 3. Nc3 Bg7 4. e4 d6 5. Nf3 O-O 6. Be3 e5 7. d5 Nbd7 8. Bg5
h6 9. Bh4 g5 10. Bg3 Nc5 11. Qc2 a5 12. Nd2 Nh5 13. f3 f5 14. Bf2 fxe4 15. Bxc5
dxc5 16. Ndxe4 b6 17. O-O-O Nf4 18. d6 c6 19. Qb3 Bd7 20. Ne2 Ne6 21. Qd3 Kh8
22. N4g3 Nf4 23. Nxf4 exf4 24. Ne4 Bd4 25. g3 Bf5 26. h4 g4 27. gxf4 gxf3 28.
Qxf3 Bxe4 29. Qxe4 Qxd6 30. Bd3 Qxf4+ 31. Qxf4 Rxf4 32. Rde1 Rf2 33. Bc2 Raf8
34. Re6 R8f6 35. Rhe1 Kg7 36. Re7+ Rf7 37. R7e6 R2f6 38. R1e2 Rxe6 39. Rxe6
Rf1+ 40. Kd2 Bxb2 41. Rg6+ Kf7 42. Rxh6 Bc1+ 43. Ke2 Bxh6 44. Kxf1 b5 45. Be4
bxc4 46. Bxc6 Kg6 47. Bf3 c3 48. Ke2 c4 49. Kd1 Kf5 50. Kc2 Bg7 51. Be2 Kg6 52.
Bxc4 Kh5 53. Bd3 Kxh4 54. Kb3 Kg3 55. Ka4 Kf3 56. Kxa5 Ke3 57. Bh7 Kd2 58. Kb5
c2 59. Bxc2 Kxc2 60. a4 Bc3 1/2-1/2

[Event "Unisource IV"]
[Site "Montreal CAN"]
[Date "2009.02.28"]
[Round "2"]
[White "Chiku-Ratte, Olivier-Kenta"]
[Black "Cote-Lalumiere, Tristan"]
[Result "1-0"]
[WhiteElo "1583"]
[BlackElo "1603"]
[PlyCount "95"]
[EventDate "2009.02.27"]
[EventType "tourn"]
[EventRounds "5"]
[EventCountry "CAN"]

1. d4 e6 2. c4 d5 3. Nc3 Nf6 4. Bg5 Be7 5. cxd5 Nxd5 6. Bxe7 Nxe7 7. e4 b6 8.
Bc4 Bb7 9. f3 Nd7 10. Nge2 O-O 11. O-O Rc8 12. Qd2 c5 13. d5 Ne5 14. b3 a6 15.
a4 Qd7 16. Nf4 N7c6 17. Rad1 Nxc4 18. bxc4 Nd4 19. Nfe2 e5 20. f4 f6 21. Ng3
Rce8 22. Qb2 Qc7 23. fxe5 Qxe5 24. Qxb6 Rb8 25. Qxc5 Nc2 26. Rd3 Rfc8 27. Qf2
Nb4 28. Rd4 Nc2 29. Rd2 Nb4 30. Qd4 Qxd4+ 31. Rxd4 Nc2 32. Rd2 Ne3 33. Rb1 Nxc4
34. Rd4 Nd6 35. Nce2 Ba8 36. Rdb4 Rxb4 37. Rxb4 a5 38. Rb6 Nc4 39. Rb5 Kf7 40.
Nf5 Rd8 41. Ned4 Nd2 42. Ne6 Rd7 43. Rxa5 Bb7 44. Nc5 Rc7 45. Nd6+ Kg6 46.
Ndxb7 Kg5 47. d6 Rc6 48. d7 1-0